000 00554nam a22002171a 4500
001 2178
003 OSt
005 20260204211803.0
008 040203s1998||||ck ||||||b||||||||||spa||
020 _a9580443432
050 _a005.6 C839c
082 _a005.6 C839c
100 _aCax, Jorge
245 _aCurso rápido de microsoft access, 97 / Jorge Cax
264 _aColombia : Norma
300 _a207 p.
500 _aIncluye indice
650 _a1.Microprogramación 2.Microsoft 3.Informática
700 _aDudley, NathanÌ
942 _2ddc
_cBK
999 _c2178
_d2178